000
00309nam a2200121Ia 4500
008
220204s9999 xx 000 0 und d
082
_a
632.952
_b
HOR
100
_a
HORSFALL, James G
245
0
_a
Fungicides and their action.
260
_a
U S A
_b
Chronica Botanica
_c
1945
650
_a
Fungicides
942
_c
BK
999
_c
19345
_d
19345